Interpersonal skills in organizations / (Record no. 2960)
[ view plain ]
| 000 -LEADER | |
|---|---|
| fixed length control field | 01137nac a22003135a 4500 |
| 008 - FIXED-LENGTH DATA ELEMENTS--GENERAL INFORMATION | |
| fixed length control field | 081110t2006 nyu gr 001 0 eng d |
| 010 ## - LIBRARY OF CONGRESS CONTROL NUMBER | |
| LC control number | 2004060992 |
| 020 ## - INTERNATIONAL STANDARD BOOK NUMBER | |
| International Standard Book Number | 0072881399 (alk. paper) |
| 020 ## - INTERNATIONAL STANDARD BOOK NUMBER | |
| International Standard Book Number | 0071244352 |
| 040 ## - CATALOGING SOURCE | |
| Original cataloging agency | EG-ScBUE |
| Language of cataloging | eng |
| Transcribing agency | EG-ScBUE |
| 082 04 - DEWEY DECIMAL CLASSIFICATION NUMBER | |
| Classification number | 158.7 |
| Item number | JAN |
| Edition number | 22 |
| 100 1# - MAIN ENTRY--PERSONAL NAME | |
| Personal name | De Janasz, Suzanne C. |
| 245 10 - TITLE STATEMENT | |
| Title | Interpersonal skills in organizations / |
| Statement of responsibility, etc | Suzanne C. De Janasz, Karen O. Dowd, Beth Z. Schneider. |
| 250 ## - EDITION STATEMENT | |
| Edition statement | 2nd ed. |
| 260 ## - PUBLICATION, DISTRIBUTION, ETC. (IMPRINT) | |
| Place of publication, distribution, etc | New York : |
| Name of publisher, distributor, etc | McGraw-Hill, |
| Date of publication, distribution, etc | c.2006. |
| 300 ## - PHYSICAL DESCRIPTION | |
| Extent | xvi, 394 p. : |
| Other physical details | ill. ; |
| Dimensions | 28 cm. |
| 500 ## - GENERAL NOTE | |
| General note | Index : p. 385-394. |
| 590 ## - LOCAL NOTE (RLIN) | |
| Local note | catalogued by : Mostafa El-Helaly |
| 650 #0 - SUBJECT ADDED ENTRY--TOPICAL TERM | |
| Topical term or geographic name as entry element | Organizational behavior. |
| Source of heading or term | BUEsh |
| 650 #0 - SUBJECT ADDED ENTRY--TOPICAL TERM | |
| Topical term or geographic name as entry element | Psychology, Industrial. |
| Source of heading or term | BUEsh |
| 650 #0 - SUBJECT ADDED ENTRY--TOPICAL TERM | |
| Topical term or geographic name as entry element | Interpersonal relations. |
| Source of heading or term | BUEsh |
| 651 ## - SUBJECT ADDED ENTRY--GEOGRAPHIC NAME | |
| Source of heading or term | BUEsh |
| 653 ## - INDEX TERM--UNCONTROLLED | |
| Arrived date list | August2015 |
| 700 1# - ADDED ENTRY--PERSONAL NAME | |
| Personal name | Dowd, Karen O. |
| 700 1# - ADDED ENTRY--PERSONAL NAME | |
| Personal name | Schneider, Beth Z. |
| 856 41 - ELECTRONIC LOCATION AND ACCESS | |
| Materials specified | Table of contents only |
| Uniform Resource Identifier | <a href="http://www.loc.gov/catdir/enhancements/fy0618/2004060992-t.html">http://www.loc.gov/catdir/enhancements/fy0618/2004060992-t.html</a> |
| 856 41 - ELECTRONIC LOCATION AND ACCESS | |
| Materials specified | Publisher description |
| Uniform Resource Identifier | <a href="http://www.loc.gov/catdir/enhancements/fy0632/2004060992-d.html">http://www.loc.gov/catdir/enhancements/fy0632/2004060992-d.html</a> |
| 942 ## - ADDED ENTRY ELEMENTS (KOHA) | |
| Item type | NB - Book (Non borrowing) |
| Call number prefix | 158.7D3688 |
| Source of classification or shelving scheme | Dewey Decimal Classification |
| Withdrawn status | Item status | Source of classification or shelving scheme | Damaged status | Not for loan | Home library | Current library | Shelving location | Date acquired | Source of acquisition | Total Checkouts | Total Renewals | Full call number | Barcode | Date last seen | Date last borrowed | Koha item type |
|---|---|---|---|---|---|---|---|---|---|---|---|---|---|---|---|---|
| Dewey Decimal Classification | Central Library | Central Library | Lower Floor | 07/03/2013 | Purchase | 10 | 11 | 158.7 JAN | 000001157 | 15/07/2025 | 12/10/2016 | Book - Borrowing | ||||
| Dewey Decimal Classification | Central Library | Central Library | Lower Floor | 07/03/2013 | Purchase | 8 | 14 | 158.7 JAN | 000001155 | 15/07/2025 | 02/03/2016 | Book - Borrowing | ||||
| Dewey Decimal Classification | Central Library | Central Library | Lower Floor | 07/03/2013 | Purchase | 5 | 2 | 158.7 JAN | 000001156 | 15/07/2025 | 09/02/2016 | Book - Borrowing | ||||
| Dewey Decimal Classification | Central Library | Central Library | Lower Floor | 07/03/2013 | Purchase | 9 | 24 | 158.7 JAN | 000001154 | 11/02/2026 | 11/02/2016 | Book - Borrowing | ||||
| Dewey Decimal Classification | Central Library | Central Library | Lower Floor | 07/03/2013 | Purchase | 12 | 15 | 158.7 JAN | 000001153 | 15/07/2025 | 09/02/2016 | Book - Borrowing | ||||
| Dewey Decimal Classification | Central Library | Central Library | Lower Floor | 07/03/2013 | Purchase | 11 | 1 | 158.7 JAN | 000001152 | 15/07/2025 | 23/03/2017 | Book - Borrowing | ||||
| Dewey Decimal Classification | Central Library | Central Library | Lower Floor | 13/03/2007 | Purchase | 12 | 158.7 JAN | 000009273 | 15/07/2025 | 23/03/2017 | Book - Borrowing | |||||
| Dewey Decimal Classification | Central Library | Central Library | Lower Floor | 13/03/2007 | Purchase | 9 | 158.7 JAN | 000009274 | 15/07/2025 | 23/03/2017 | Book - Borrowing | |||||
| Dewey Decimal Classification | Central Library | Central Library | Lower Floor | 13/03/2007 | Purchase | 13 | 17 | 158.7 JAN | 000009194 | 15/07/2025 | 23/03/2017 | Book - Borrowing | ||||
| Dewey Decimal Classification | Central Library | Central Library | Lower Floor | 11/11/2008 | Purchase | 1 | 158.7 JAN | 000001158 | 15/07/2025 | 23/02/2009 | NB - Book (Non borrowing) |